Tìm hiểu vấn đề xử lý chất thải tại khu công nghiệp Hòa Khánh thành phố Đà Nẵng
Cơ sở lý luận chung. Tổng quan về KCN Hòa Khánh - Đà Nẵng và các hoạt động SXCN giai đoạn 1997-2008. Vấn đề xử lý chất thải tại KCN Hòa Khánh - thực trạng và giải pháp
Guardat en:
| Autor principal: | |
|---|---|
| Altres autors: | |
| Format: | Llibre |
| Idioma: | Vietnamese |
| Publicat: |
Đại học Đà Nẵng
Trường Đại học Sư phạm
2009
|
| Col·lecció: | Khóa luận tốt nghiệp Đại học. Chuyên ngành: Cử nhân Địa lý
|
| Matèries: | |
| Etiquetes: |
Afegir etiqueta
Sense etiquetes, Sigues el primer a etiquetar aquest registre!
|
| Thư viện lưu trữ: | Mạng thư viện Đại học Đà Nẵng |
|---|
| LEADER | 01577nam a2200349 4500 | ||
|---|---|---|---|
| 001 | 000011211 | ||
| 003 | 7445 | ||
| 005 | 20120202150220.0 | ||
| 008 | 120202s2009 viesd | ||
| 041 | |a vie | ||
| 072 | |a Khóa luận tốt nghiệp | ||
| 082 | |a 628.5 |b LA-T | ||
| 100 | 1 | |a Lại, Thị Kim Tuyến | |
| 245 | 1 | |a Tìm hiểu vấn đề xử lý chất thải tại khu công nghiệp Hòa Khánh thành phố Đà Nẵng |c Lại, Thị Kim Tuyến | |
| 260 | |a Đại học Đà Nẵng |b Trường Đại học Sư phạm |c 2009 | ||
| 300 | |a 68 tr. |b ảnh m.họa + bảng |c 29 cm | ||
| 490 | |a Khóa luận tốt nghiệp Đại học. Chuyên ngành: Cử nhân Địa lý | ||
| 500 | |a Tham khảo tr. 68 | ||
| 520 | |a Cơ sở lý luận chung. Tổng quan về KCN Hòa Khánh - Đà Nẵng và các hoạt động SXCN giai đoạn 1997-2008. Vấn đề xử lý chất thải tại KCN Hòa Khánh - thực trạng và giải pháp | ||
| 653 | |a Khóa luận tốt nghiệp Đại học | ||
| 653 | |a Khoa Địa lý | ||
| 700 | 1 | |a Trương, Phước Minh |c TS |e Hướng dẫn | |
| OWN | |a LSP | ||
| AVA | |a UDN50 |b LSP |d 628.5 LA-T |e available |t Error 5001 Not defined in file expand_doc_bib_avail. |f 1 |g 0 |h N |i 0 |k 1 | ||
| 999 | |a From the UDN01 | ||
| AVA | |a UDN50 |b LSP |d 628.5 LA-T |e available |t Error 5001 Not defined in file expand_doc_bib_avail. |f 1 |g 0 |h N |i 0 |k 1 | ||
| TYP | |a Monograph | ||
| TYP | |a Printed language | ||
| 980 | |a Mạng thư viện Đại học Đà Nẵng | ||